MDQL
is popping MORE tags! Check the
thread
!
Quizzes
Events
Quiz Creation
Community
Videos
Private Events
Remove Ads
Sign In
Join for FREE
Feedback
Dark Mode
Quiz Categories
Sports
Geography
Music
Movies
Television
Just For Fun
Miscellaneous
History
Literature
Language
Science
Gaming
Entertainment
Religion
Holiday
For Kids
Quiz Lab
Recent
Popular Today
Quiz Kudos Today
Editor Picks
Curator Picks
Quizzes by...
Day
Popularity
Type
Ratings
Length
Year
Community
Subscriptions
Recent Discussions
Orange Saloon
Badges
Playlists
Quests
Create
Leaderboards
Showdown
Live 5
Trivia Bingo
Activity
Puzzle Library
Sporcle Events
Private Events
Virtual Trivia
Globe League
Become a Host
Pub Owners
SporcleCon
Opinionation
Our Games
Videos
Blog
Mobile Apps
Partnerships
Remove Ads and Go Orange
Feedback
Sports
Athletes
MLB
NBA
NHL
NFL
Soccer
Sports Teams
WWE
NCAA
Football
Premier League
Basketball
Baseball
Hockey
Golf
Tennis
Cricket
Rugby
Auto Racing
Olympics
World Cup
Sports
Athletes
MLB
NBA
NHL
NFL
Soccer
Sports Teams
WWE
NCAA
Football
Premier League
Basketball
Baseball
Hockey
Golf
Tennis
Cricket
Rugby
Auto Racing
Olympics
World Cup
Random Quiz
Search Sporcle
×
Quiz Lab
Quiz Lab
Sports
Athletes
Type in answers that appear in a list
Type in answers that appear in a list
Classic
Best Score? Go Orange.
2008 Olympic Gold Medalists, Part 1 Stats
Can you name the gold medalists at the Beijing Olympics??
By
Aaron_Kashtan
15m
200 Questions
89 Plays
89 Plays
89 Plays
Comments
Comments
Give Quiz Kudos
Give Quiz Kudos
-
- Ratings
hide this ad
Replay
Link that replays current quiz
Next Quiz
Link to next quiz in quiz playlist
You Got
0%
They Got
Avg Score
18%
Avg Friend Score
Upgrade to see
Score Distribution
Jump to the score distribution portion of the page
Score
0/200
Timer
15:00
0
Plays Today
Event
Athlete
% Correct
Athletics, men's 100 m
Usain Bolt
86.5%
Athletics, men's 200 m
Usain Bolt
86.5%
Swimming, men's 200 m freestyle
Michael Phelps
75.3%
Swimming, men's 100 m butterfly
Michael Phelps
75.3%
Swimming, men's 200 m butterfly
Michael Phelps
75.3%
Swimming, men's 200 m individual medley
Michael Phelps
75.3%
Swimming, men's 400 m individual medley
Michael Phelps
75.3%
Cycling, men's sprint
Chris Hoy
51.7%
Cycling, men's keirin
Chris Hoy
51.7%
Gymnastics, men's parallel bars
Li Xiaopeng
51.7%
Shooting, women's 50 m rifle three positions
Du Li
51.7%
Table tennis, men's singles
Ma Lin
47.2%
Swimming, women's 400 m freestyle
Rebecca Adlington
46.1%
Swimming, women's 800 m freestyle
Rebecca Adlington
46.1%
Athletics, men's 5000 m
Kenenisa Bekele
44.9%
Athletics, men's 10000 m
Kenenisa Bekele
44.9%
Tennis, men's singles
Rafael Nadal
44.9%
Athletics, women's 100 m
Shelly-Ann Fraser
43.8%
Cycling, men's individual pursuit
Bradley Wiggins
42.7%
Gymnastics, women's balance beam
Shawn Johnson
42.7%
Cycling, women's sprint
Victoria Pendleton
39.3%
Athletics, men's 400 m
LaShawn Merritt
37.1%
Athletics, women's 400 m
Christine Ohuruogu
37.1%
Swimming, women's 200 m backstroke
Kirsty Coventry
37.1%
Weightlifting, men's 77 kg
Jae-Hyouk Sa
37.1%
Athletics, women's 200 m
Veronica Campbell-Brown
36%
Athletics, men's 110 m hurdles
Dayron Robles
36%
Athletics, women's pole vault
Yelena Isinbayeva
36%
Swimming, men's 200 m backstroke
Ryan Lochte
36%
Athletics, decathlon
Bryan Clay
34.8%
Swimming, women's 100 m breaststroke
Leisel Jones
33.7%
Badminton, men's singles
Lin Dan
32.6%
Athletics, men's pole vault
Steven Hooker
31.5%
Athletics, men's triple jump
Nelson Evora
30.3%
Gymnastics, women's individual all-
around
Nastia Liukin
30.3%
Athletics, women's 5000 m
Tirunesh Dibaba
29.2%
Athletics, women's 10000 m
Tirunesh Dibaba
29.2%
Athletics, women's 100 m hurdles
Dawn Harper
29.2%
Athletics, men's 400 m hurdles
Angelo Taylor
29.2%
Athletics, women's shot put
Valerie Vili
29.2%
Cycling, women's individual pursuit
Rebecca Romero
29.2%
Diving, men's 3 m springboard
He Chong
29.2%
Gymnastics, women's uneven bars
He Kexin
29.2%
Swimming, women's 200 m breaststroke
Rebecca Soni
29.2%
Taekwondo, men's 68 kg
Son Tae-Jin
29.2%
Athletics, men's discus throw
Gerd Kanter
28.1%
Cycling, women's road race
Nicole Cooke
28.1%
Gymnastics, women's trampoline
He Wenna
28.1%
Swimming, women's 200 m freestyle
Federica Pellegrini
28.1%
Athletics, men's javelin throw
Andreas Thorkildsen
27%
Cycling, men's time trial
Fabian Cancellara
27%
Cycling, women's time trial
Kristin Armstrong
27%
Swimming, men's 100 m backstroke
Aaron Peirsol
27%
Swimming, women's 200 m butterfly
Liu Zige
27%
Athletics, men's 1500 m
Rashid Ramzi
25.8%
Boxing, middleweight
James DeGale
25.8%
Swimming, men's 400 m freestyle
Park Tae-Hwan
25.8%
Swimming, men's 1500 m freestyle
Oussama Mellouli
25.8%
Athletics, men's long jump
Irving Saladino
24.7%
Athletics, women's high jump
Tia Hellebaut
23.6%
Athletics, women's javelin throw
Barbora Spotakova
23.6%
Sailing, Finn
Ben Ainslie
23.6%
Swimming, men's 100 m freestyle
Alain Bernard
23.6%
Swimming, women's 100 m backstroke
Natalie Coughlin
23.6%
Swimming, men's 100 m breaststroke
Kosuke Kitajima
23.6%
Swimming, men's 200 m breaststroke
Kosuke Kitajima
23.6%
Athletics, women's long jump
Maurren Maggi
22.5%
Event
Athlete
% Correct
Gymnastics, men's individual all-
around
Yang Wei
22.5%
Tennis, women's singles
Elena Dementieva
22.5%
Athletics, women's 800 m
Pamela Jelimo
21.3%
Athletics, men's shot put
Tomasz Majewski
21.3%
Swimming, women's 50 m freestyle
Britta Steffen
21.3%
Swimming, women's 100 m freestyle
Britta Steffen
21.3%
Athletics, women's triple jump
Francoise Mbango Etone
20.2%
Cycling, men's road race
Samuel Sanchez
20.2%
Diving, men's 10 m platform
Matthew Mitcham
20.2%
Athletics, women's 400 m hurdles
Melaine Walker
19.1%
Athletics, men's hammer throw
Primoz Kozmus
19.1%
Swimming, women's 200 m individual medley
Stephanie Rice
19.1%
Swimming, women's 400 m individual medley
Stephanie Rice
19.1%
Athletics, women's 3000 m steeplechase
Gulnara Samitova
18%
Athletics, women's discus throw
Stephanie Brown Trafton
18%
Athletics, heptathlon
Nataliya Dobrynska
18%
Swimming, men's 50 m freestyle
Cesar Cielo Filho
18%
Athletics, men's high jump
Andrey Silnov
16.9%
Diving, women's 10 m platform
Chen Ruolin
16.9%
Gymnastics, men's trampoline
Lu Chunlong
16.9%
Athletics, women's 1500 m
Nancy Lagat
15.7%
Athletics, men's 3000 m steeplechase
Brimin Kipruto
15.7%
Gymnastics, men's floor
Zou Kai
15.7%
Gymnastics, men's horizontal bar
Zou Kai
15.7%
Gymnastics, men's rings
Chen Yibing
15.7%
Gymnastics, women's vault
Hong Un-Jong
15.7%
Swimming, women's 100 m butterfly
Libby Trickett
15.7%
Weightlifting, men's 85 kg
Yong Lu
15.7%
Athletics, men's 800 m
Wilfred Bungei
14.6%
Judo, women's 78 kg
Yang Xiuli
14.6%
Shooting, women's 25 m pistol
Chen Ying
14.6%
Weightlifting, women's 48 kg
Xiexia Chen
14.6%
Weightlifting, women's 58 kg
Yanqing Chen
14.6%
Athletics, men's marathon
Samuel Wanjiru
13.5%
Boxing, light heavyweight
Zhang Xiaoping
13.5%
Canoeing, men's K-
1 1000 m
Tim Brabants
13.5%
Fencing, women's sabre
Mariel Zagunis
13.5%
Taekwondo, men's +80 kg
Cha Dong-Min
13.5%
Athletics, women's 20 km walk
Olga Kaniskina
12.4%
Badminton, women's singles
Zhang Ning
12.4%
Gymnastics, women's floor
Sandra Izbasa
12.4%
Gymnastics, men's pommel horse
Xiao Qin
12.4%
Cycling, women's points race
Marianne Vos
11.2%
Sailing, men's Laser
Paul Goodison
11.2%
Shooting, men's 10 m air pistol
Pang Wei
11.2%
Taekwondo, women's 49 kg
Wu Jingyu
11.2%
Athletics, women's marathon
Constantina Dita-Tomescu
10.1%
Athletics, men's 20 km walk
Valeriy Borchin
10.1%
Athletics, women's hammer throw
Aksana Miankova
10.1%
Cycling, men's BMX
Maris Strombergs
10.1%
Table tennis, women's singles
Zhang Yining
10.1%
Weightlifting, men's 62 kg
Xiangxiang Zhang
10.1%
Athletics, men's 50 km walk
Alex Schwazer
9%
Fencing, men's sabre
Zhong Man
9%
Shooting, men's 50 m pistol
Jin Jong-Oh
7.9%
Shooting, men's skeet
Vincent Hancock
7.9%
Boxing, light flyweight
Zou Shiming
6.7%
Diving, women's 3 m springboard
Guo Jingjing
6.7%
Equestrian, individual jumping
Eric Lamaze
6.7%
Judo, women's +78 kg
Tong Wen
6.7%
Sailing, women's Laser Radial
Anna Tunnicliffe
6.7%
Shooting, men's double trap
Walton Eller
6.7%
Boxing, super heavyweight
Roberto Cammarelle
5.6%
Canoeing, men's K-
1 500 m
Ken Wallace
5.6%
Cycling, men's points race
Joan Llaneras
5.6%
Cycling, MTB, men's cross-
country
Julien Absalon
5.6%
Fencing, women's foil
Valentina Vezzali
5.6%
Event
Athlete
% Correct
Gymnastics, men's vault
Leszek Blanik
5.6%
Gymnastics, rhythmic, women's all-
around
Yevgeniya Kanayeva
5.6%
Sailing, women's sailboard
Yin Jian
5.6%
Equestrian, individual eventing
Hinrich Romeike
4.5%
Judo, men's 60 kg
Choi Min-Ho
4.5%
Judo, women's 52 kg
Xian Dongmei
4.5%
Shooting, women's 10 m air pistol
Guo Wenjun
4.5%
Shooting, men's 50 m rifle three positions
Qiu Jian
4.5%
Swimming, women's 10 km marathon
Larisa Ilchenko
4.5%
Boxing, featherweight
Vasyl Lomachenko
3.4%
Canoeing, men's C-
1 1000 m
Attila Vajda
3.4%
Equestrian, individual dressage
Anky van Grunsven
3.4%
Fencing, women's epee
Britta Heidemann
3.4%
Judo, women's 57 kg
Giulia Quintavalle
3.4%
Swimming, men's 10 km marathon
Maarten van der Weijden
3.4%
Taekwondo, men's 58 kg
Guillermo Perez
3.4%
Triathlon, women's
Emma Snowsill
3.4%
Archery, men's individual
Viktor Ruban
2.2%
Archery, women's individual
Zhang Juanjuan
2.2%
Boxing, flyweight
Somjit Jongjohor
2.2%
Boxing, bantamweight
Enkhbatyn Badar-Uugan
2.2%
Boxing, lightweight
Aleksei Tishchenko
2.2%
Boxing, light welterweight
Manuel Felix Diaz
2.2%
Boxing, welterweight
Bakhyt Sarsekbayev
2.2%
Boxing, heavyweight
Rakhim Chakkhiev
2.2%
Canoeing, men's C-
1 500 m
Maxim Opalev
2.2%
Canoeing, women's K-
1 500 m
Inna Osypenko
2.2%
Canoeing, men's slalom C-
1
Michal Martikan
2.2%
Canoeing, men's slalom K-
1
Alexander Grimm
2.2%
Canoeing, women's slalom K-
1
Elena Kaliska
2.2%
Cycling, MTB, women's cross-
country
Sabine Spitz
2.2%
Cycling, women's BMX
Anne-Caroline Chausson
2.2%
Fencing, men's foil
Benjamin Kleibrink
2.2%
Judo, men's 81 kg
Ole Bischof
2.2%
Modern pentathlon, women's individual
Lena Schoneborn
2.2%
Rowing, men's single sculls
Olaf Tufte
2.2%
Shooting, women's 10 m air rifle
Katerina Emmons
2.2%
Shooting, women's trap
Satu Makela-Nummela
2.2%
Taekwondo, women's 57 kg
Lim Su-Jeong
2.2%
Weightlifting, men's +105 kg
Matthias Steiner
2.2%
Fencing, men's epee
Matteo Tagliarol
1.1%
Judo, men's 66 kg
Masato Uchishiba
1.1%
Judo, men's 73 kg
Elnur Mammadli
1.1%
Judo, men's 90 kg
Irakli Tsirekidze
1.1%
Judo, men's 100 kg
Naidangiin Tuvshinbayar
1.1%
Judo, men's +100 kg
Satoshi Ishii
1.1%
Judo, women's 63 kg
Ayumi Tanimoto
1.1%
Shooting, men's 10 m air rifle
Abhinav Bindra
1.1%
Shooting, women's skeet
Chiara Cainero
1.1%
Taekwondo, women's 67 kg
Hwang Kyung-Seon
1.1%
Taekwondo, women's +67 kg
Maria Espinoza
1.1%
Weightlifting, men's 56 kg
Long Qingquan
1.1%
Judo, women's 48 kg
Alina Alexandra Dumitrescu
0%
Judo, women's 70 kg
Masae Ueno
0%
Modern pentathlon, men's individual
Andrey Moiseyev
0%
Rowing, women's single sculls
Rumyana Neykova
0%
Sailing, men's sailboard
Tom Ashley
0%
Shooting, men's 25 m rapid fire pistol
Oleksandr Petriv
0%
Shooting, men's 50 m rifle prone
Artur Ayvazian
0%
Shooting, men's trap
David Kostelecky
0%
Taekwondo, men's 80 kg
Hadi Saei
0%
Triathlon, men's
Jan Frodeno
0%
Weightlifting, men's 69 kg
Hui Liao
0%
Weightlifting, men's 94 kg
Ilya Ilin
0%
Weightlifting, men's 105 kg
Andrei Aramnau
0%
Weightlifting, women's 53 kg
Prapawadee Jaroenrattanatarakoon
0%
Quiz Playlist
Details
Report
Send in Message
Add To Playlist
Classic:
Type in answers that appear in a list
Quiz Source
Last Updated: Feb 16, 2017
Quiz Scoreboard
CHALLENGE
Sign Up to Join the Scoreboard
Show All
Scores
Hide
Comments
May contain spoilers
Recently Published
Colored Red Africa Blitz
by spor1
Geography
30s
Find the 'City' Movie
by crazypaving
Movies
60s
5x2 Blitz: Bands
by SL_Kpop136
Music
30s
More to Explore
Quiz From the Vault
Featured Blog Post
14 Easter Pick-up Lines to Find Eggs With
hide this ad
You Might Also Like...
Tags
Athletes Quiz
Nation Quiz
Olympics Quiz
2008
Beijing
Beijing Olympics
Event
gold
Medalist
Today's Top Quizzes in Sports
Browse Sports
hide this ad
Today's Top Quizzes in Athletes
Browse Athletes
Top Contributed Quizzes in Sports
1
Players with Multiple 50 Home Run Seasons
2
Les entraîneurs de l'OM et du PSG au 21e siècle
3
Criteria MLB: Left Handed Sluggers
4
2022 World Cup Stars
5
Les meilleurs buteurs des matchs entre le PSG et l’OM
6
Who Hit More Homers?
7
Les joueurs passés par le PSG et l'OM
8
NBA Logic Puzzle 2.0
9
Top 10 NHL Goal Scorers of All Time
10
MLB Players with Two .350 Batting Average Seasons
Explore More
Trending Topics
Anime
Kpop
Crossword
Disney
Marvel
NBA
Harry Potter
Country
Soccer
The Office
Puzzle
WWE
Pokémon
Song
NFL
hide this ad
More By:
Aaron_Kashtan
Quiz
Plays
Rating
Category
Featured
Created
Magic: The Gathering color combinations
5,091
3.86
Gaming
Jan 18, 2016
Wars with unusual names
2,647
4.87
History
Jun 28, 2013
Villains of the first 300 issues of Spider-Man
2,445
4.20
Entertainment
Sep 5, 2012
Nobel Prize in Physics
1,981
3.63
Science
Sep 23, 2009
TSPDT Top 100 Directors
1,804
4.00
Movies
Oct 10, 2010
Go to Creator's Profile
Score Distribution
Quiz Creator Spotlight
Aaron_Kashtan
Follow
Send a Message
Quizzes Created
-
Created Quiz Play Count
-
More By This Creator
Popular Quizzes Today
1
Colored Red Africa Blitz
2
Find the 'City' Movie
3
Find the US States - No Outlines Minefield
4
5x2 Blitz: Bands
5
The Countries of the World
6
Find the US States
7
US States
8
9x9 Crossword: Cartoon Network
More Sports Quizzes
Every NBA Team's All Time Rebound Leader
Quiz Lab
Trending Quizzes
Colored Red Europe Blitz I
Colored Red Europe Blitz II
Colored Red Africa Blitz II
Colored Red Africa Blitz III
Colored Red Europe Blitz III
Recently Updated
Godzilla Movies
pecheneg
Grab Bag: 4-10 Letters
pecheneg
2024 March Madness Bracket
pecheneg
Famous TV Couples
Peacemaker
Champions League XIs: Real Madrid
pecheneg
Largest US Cities 1790-2010
pecheneg
Rides in Walt Disney World
pecheneg
Most Oscar Losses (Acting)
pecheneg
Beyoncé Albums
pecheneg
Leaping Animals
pecheneg
Trending Topics
Anime
Marvel
Disney
Crossword
NBA
Harry Potter
Kpop
The Office
NFL
Country
Song
Pokémon
Soccer
WWE
Puzzle
Your Account Isn't Verified!
In order to create a playlist on Sporcle, you need to verify the email address you used during registration. Go to your
Sporcle Settings
to finish the process.
Report this User
Report this user for behavior that violates our
Community Guidelines
.
Details:
Send Report
Go to the Sporcle.com Mobile Site →
Comments